| 000 | 00600nam a2200229Ia 4500 | ||
|---|---|---|---|
| 003 | OSt | ||
| 005 | 20220928123924.0 | ||
| 006 | a|||||r|||| 00| 0 | ||
| 007 | ta | ||
| 008 | 220927b |||||||| |||| 00| 0 eng d | ||
| 024 | _a52410 | ||
| 037 | _cTextual | ||
| 040 |
_aSDCL _cSDCL _beng |
||
| 041 |
_2eng _aeng |
||
| 082 | _aX7297.2'N9, N1 | ||
| 100 |
_aNarayana A V L _9462301 |
||
| 245 | 0 | _aOperation of modvat. | |
| 260 |
_aNew Delhi _bVikas Publishing _c1991 |
||
| 300 |
_axv,236p _ccm. |
||
| 942 |
_hX7297.2'N9, N1 _cTEXL _2CC |
||
| 999 |
_c775300 _d775300 |
||